| 000 | 00601nam a2200157 a 4500 | ||
|---|---|---|---|
| 001 | 000035103 | ||
| 005 | 20200930074115.0 | ||
| 008 | 111025s1909 sp 000 0 spa d | ||
| 040 |
_aDO-SdBNP _bspa _cBNPHU |
||
| 082 |
_axxxx _bD852p |
||
| 100 | 1 |
_aDueñas, Muñoz F. _960775 |
|
| 245 | 1 | 0 |
_aPuertas al campo : _bjuguete cósmico en un acto y en prosa / _cMuñoz F. Dueñas, Pascual Montagud. |
| 260 |
_aMadrid : _bB. Velasco, Impresos, Marqués de Santa Ana, _c1909. |
||
| 300 |
_a31 p. ; _c20 cm. |
||
| 500 | _aEstrenado con extraordinario éxito en el Teatro lo Rat Pena te Madrid el 3 de abril de 1909. | ||
| 999 |
_c34594 _d34594 |
||